000 00344nam a22001217a 4500
008 230607b xxu||||| |||| 00| 0 eng d
082 _a967.3262
_bBOG
100 _cSorobea N. Bogonko
_d1980
245 _aA Study in African National Movements
_b Kenya 1945- 1963
260 _aNairobi
_bKenya Literature Bureau
300 _a302 p
942 _2ddc
_cBK
999 _c806
_d806